000 00903nam a2200277 i 4500
001 000028680
003 DO-SdBNP
005 20250811091940.0
008 110411s1993 dr 000 0 spa d
040 _aDO-SdBNP
_bspa
_cBNPHU
_erda
041 _asp
049 _aBNPD
082 _axxx
_bG943
_222
245 0 0 _aGuía del currículo integral para la prevención del uso indebido de drogas /.
264 _aSanto Domingo :
_bConsejo Nacional de Drugas,
_c1993.
300 _a50 Páginas ;
_c20 cm.
336 _ardacontent
_btexto
_2txt
337 _ardamedia
_bsin mediación
_2n
338 _ardacarrier
_bvolumen
_2nc
490 1 _aLineamientos para líderes y comunidades
_v3
590 _aInventariado, 2025/DG
710 2 _aCentro Internacional de Educación y Desarroll Humano
_955657
830 0 _aLineamientos para líderes y comunidades
_n3
_955658
910 _aDG
942 _2ddc
_cLF2
999 _c28172
_d28172